[Event "SVK-chT2B 1213"]
[Site "Slovakia"]
[Date "2012.10.13"]
[Round "1.8"]
[White "Sunal, Jan"]
[Black "Spik, Peter"]
[Result "0-1"]
[WhiteElo "1877"]
[BlackElo "2086"]
[PlyCount "50"]
[EventDate "2012.10.13"]
[EventType "team-tourn"]
[EventRounds "11"]
[EventCountry "SVK"]
[SourceTitle "EXT 2015"]
[Source "ChessBase"]
[SourceDate "2014.11.20"]
[SourceVersion "1"]
[SourceVersionDate "2014.11.20"]
[SourceQuality "1"]
[WhiteTeam "Bojnice"]
[BlackTeam "Sala"]
[WhiteTeamCountry "SVK"]
[BlackTeamCountry "SVK"]

1. e4 e6 2. d4 c5 3. Nf3 d5 4. exd5 exd5 5. Be2 Nf6 6. 0-0 cxd4 7. Nxd4 Be7 8. b3 Nc6 9. Bb2 0-0 10. Nd2 Re8 11. N2f3 Ne4 12. a3 Bf6 13. Rb1 Bg4 14. Re1 Qb6 15. Rf1 Bxf3 16. Nxf3 Bxb2 17. Rxb2 Nc3 18. Qd3 Nxe2+ 19. Kh1 Nf4 20. Qf5 Ng6 21. Ng5 Re7 22. h4 Qd4 23. c3 Qxh4+ 24. Kg1 Nce5 25. g3 Qxg5 0-1

[Event "SVK-ch op-B"]
[Site "Banska Stiavnica"]
[Date "2012.07.15"]
[Round "9"]
[White "Karas, Marek"]
[Black "Spik, Peter"]
[Result "1/2-1/2"]
[WhiteElo "1951"]
[BlackElo "2085"]
[PlyCount "125"]
[EventDate "2012.07.07"]
[EventType "swiss"]
[EventRounds "9"]
[EventCountry "SVK"]
[SourceTitle "CBM 149 Extra"]
[Source "ChessBase"]
[SourceDate "2012.08.24"]
[SourceVersion "1"]
[SourceVersionDate "2012.08.24"]
[SourceQuality "1"]

1. d4 Nf6 2. c4 c5 3. d5 e6 4. Nc3 d6 5. e4 Be7 6. Nf3 exd5 7. cxd5 Bg4 8. Be2 Nbd7 9. h3 Bxf3 10. Bxf3 a6 11. a4 0-0 12. 0-0 Ne5 13. Be2 Nfd7 14. f4 Ng6 15. Be3 Bf6 16. Bd3 Re8 17. Re1 Qa5 18. Qb3 Qc7 19. g3 Rac8 20. Qc2 Qa5 21. Bf2 Bd4 22. Qd2 Qb4 23. Bxd4 Qxd4+ 24. Qe3 Qb4 25. Rab1 Nb6 26. Bc2 Ne7 27. Qd3 Qd4+ 28. Kg2 g6 29. Red1 Nc4 30. Kf3 Nf5 31. Ne2 Qe3+ 32. Qxe3 Nfxe3 33. Rdc1 Nxc2 34. Rxc2 b5 35. axb5 axb5 36. Nc3 Rb8 37. Nxb5 Rxb5 38. Rxc4 Rb3+ 39. Rc3 Reb8 40. Rxb3 Rxb3+ 41. Kf2 c4 42. Rc1 Rxb2+ 43. Kf3 Rb3+ 44. Kf2 c3 45. g4 Kf8 46. h4 Ke7 47. h5 Kf6 48. g5+ Ke7 49. hxg6 hxg6 50. Ke2 Rb2+ 51. Ke3 c2 52. Ke2 Rb4 53. Ke3 Rb3+ 54. Kd4 Rf3 55. Rxc2 Rxf4 56. Rg2 f5 57. gxf6+ Kxf6 58. Ra2 Rf1 59. Ra8 Rd1+ 60. Ke3 Rb1 61. Re8 Rb6 62. Kf4 Kf7 63. Rc8 1/2-1/2

[Event "SVK-ch op-B"]
[Site "Banska Stiavnica"]
[Date "2012.07.14"]
[Round "8"]
[White "Spik, Peter"]
[Black "Janik, Piotr"]
[Result "1/2-1/2"]
[WhiteElo "2085"]
[BlackElo "2012"]
[PlyCount "87"]
[EventDate "2012.07.07"]
[EventType "swiss"]
[EventRounds "9"]
[EventCountry "SVK"]
[SourceTitle "CBM 149 Extra"]
[Source "ChessBase"]
[SourceDate "2012.08.24"]
[SourceVersion "1"]
[SourceVersionDate "2012.08.24"]
[SourceQuality "1"]

1. d4 Nf6 2. Nf3 e6 3. g3 b6 4. Bg2 Bb7 5. 0-0 c5 6. c3 cxd4 7. cxd4 Be7 8. Nc3 0-0 9. Bf4 d6 10. Rc1 a6 11. Qd3 Nd5 12. Nxd5 Bxd5 13. Rfd1 f5 14. h4 h6 15. Ne1 Bxg2 16. Kxg2 Nd7 17. Qc4 Kf7 18. Nd3 Nf6 19. f3 b5 20. Qb3 Qb6 21. Be3 Qb7 22. Nf4 d5 23. Nd3 Nd7 24. Bf4 Rfc8 25. Ne5+ Nxe5 26. Bxe5 Rxc1 27. Rxc1 Rc8 28. Qe3 Rc6 29. g4 Bxh4 30. gxf5 exf5 31. Qf4 Rxc1 32. Qxc1 Bf6 33. Qf4 Qd7 34. Bxf6 Kxf6 35. Qe5+ Kf7 36. Kf2 Qe6 37. Qc7+ Kg8 38. b3 Kh7 39. a4 bxa4 40. bxa4 h5 41. Qd8 f4 42. Qg5 Qe3+ 43. Kf1 Qxd4 44. Qxh5+ 1/2-1/2